Sports Quiz

Random Sports or Soccer Quiz

US States that have hosted a World Cup match Quiz Stats

 Plays Quiz not verified by Sporcle

Challenge
Share
Tweet
Score 0/8 Timer 02:00
0 Plays Today
% Correct
California
99.4%
Texas
95.1%
Florida
90.9%
Illinois
61.6%
New Jersey
54.3%
Massachusetts
48.8%
Michigan
45.7%
Washington, DC
40.2%

You're not logged in!

Compare scores with friends on all Sporcle quizzes.
Join for Free
OR
Log In

You Might Also Like...

Show Comments

Extras

Top Quizzes Today


Score Distribution

Your Account Isn't Verified!

In order to create a playlist on Sporcle, you need to verify the email address you used during registration. Go to your Sporcle Settings to finish the process.

Report this User

Report this user for behavior that violates our Community Guidelines.

Details: